[Event "Marianske Lazne IM-B2 22nd"]
[Site "Marianske Lazne"]
[Date "2024.01.16"]
[Round "4"]
[White "Wang, Yukun"]
[Black "Balinski, Damian"]
[Result "1/2-1/2"]
[WhiteElo "2117"]
[BlackElo "2226"]
[PlyCount "36"]
[EventDate "2024.01.13"]
[EventType "tourn"]
[EventRounds "9"]
[EventCountry "CZE"]
[EventCategory "1"]
[SourceTitle "CB04_2024"]
[SourceDate "2023.10.16"]
[SourceVersion "1"]
[SourceVersionDate "2023.10.16"]
[SourceQuality "1"]

1. e4 e5 2. Nf3 Nf6 3. Nxe5 d6 4. Nf3 Nxe4 5. Nc3 Nxc3 6. dxc3 Be7 7. Be3 Nc6 8. Qd2 Be6 9. 0-0-0 Qd7 10. a3 a6 11. Ng5 Bf5 12. Bc4 0-0 13. f4 Bxg5 14. fxg5 Ne5 15. Bb3 b5 16. h4 Nc4 17. Qf2 Rae8 18. Bf4 Bg4 1/2-1/2

[Event "POL-chT 2nd League"]
[Site "Jastrzebia Gora"]
[Date "2023.09.08"]
[Round "7.91"]
[White "Balinski, Damian"]
[Black "Janocha, Wieslaw Adam"]
[Result "1-0"]
[WhiteElo "2196"]
[BlackElo "2208"]
[PlyCount "85"]
[EventDate "2023.09.02"]
[EventType "team-swiss"]
[EventRounds "9"]
[EventCountry "POL"]
[SourceTitle "EXT 2024"]
[Source "ChessBase"]
[SourceDate "2023.10.10"]
[SourceVersion "1"]
[SourceVersionDate "2023.10.10"]
[SourceQuality "1"]
[WhiteTeam "Olesnica Pogon"]
[BlackTeam "Wroclaw Srodmiescie"]
[WhiteTeamCountry "POL"]
[BlackTeamCountry "POL"]

1. d4 d5 2. c4 c6 3. Nc3 Nf6 4. e3 e6 5. Nf3 Nbd7 6. Qc2 Bd6 7. Bd3 0-0 8. 0-0 dxc4 9. Bxc4 e5 10. Bb3 exd4 11. exd4 Nb6 12. Bg5 Be6 13. Bxe6 fxe6 14. Ne4 Nbd5 15. Nc5 Qe7 16. Rfe1 Bxc5 17. dxc5 Rae8 18. Ne5 Qc7 19. Bxf6 gxf6 20. Nc4 Qg7 21. Nd6 Re7 22. Rad1 Qg6 23. Qc4 Kh8 24. Rd3 Rg8 25. Rg3 Qh5 26. b4 a6 27. a4 e5 28. b5 axb5 29. axb5 Ra8 30. h3 Rd7 31. Nxb7 Rxb7 32. bxc6 Rc7 33. Qxd5 Rac8 34. Rb1 Qf7 35. Qd6 Qf8 36. Rb7 Qxd6 37. cxd6 Rxc6 38. Rgg7 Rxd6 39. Rxh7+ Kg8 40. Rbg7+ Kf8 41. Rf7+ Ke8 42. h4 Rc4 43. g3 1-0

[Event "POL-chT 2nd League"]
[Site "Jastrzebia Gora"]
[Date "2023.09.06"]
[Round "5.109"]
[White "Balinski, Damian"]
[Black "Markiewicz, Jerzy"]
[Result "1-0"]
[WhiteElo "2196"]
[BlackElo "2159"]
[PlyCount "57"]
[EventDate "2023.09.02"]
[EventType "team-swiss"]
[EventRounds "9"]
[EventCountry "POL"]
[SourceTitle "EXT 2024"]
[Source "ChessBase"]
[SourceDate "2023.10.10"]
[SourceVersion "1"]
[SourceVersionDate "2023.10.10"]
[SourceQuality "1"]
[WhiteTeam "Olesnica Pogon"]
[BlackTeam "Pilzno GKSz Hetman"]
[WhiteTeamCountry "POL"]
[BlackTeamCountry "POL"]

1. d4 Nf6 2. c4 g6 3. Nc3 Bg7 4. g3 0-0 5. Bg2 d6 6. e3 e5 7. Nge2 Nbd7 8. b3 Re8 9. 0-0 h5 10. e4 exd4 11. Nxd4 h4 12. Bg5 hxg3 13. hxg3 c6 14. Qd2 Qa5 15. Rad1 Ng4 16. Nce2 Qe5 17. f3 Ngf6 18. Bf4 Qc5 19. Be3 Qe5 20. Nc2 d5 21. cxd5 cxd5 22. exd5 Nb6 23. Rfe1 Nbxd5 24. f4 Qb2 25. Bd4 Qxa2 26. Nc1 Rxe1+ 27. Rxe1 Qb1 28. Bxd5 Nxd5 29. Re8+ 1-0

[Event "POL-chT 2nd League"]
[Site "Jastrzebia Gora"]
[Date "2023.09.05"]
[Round "4.85"]
[White "Siwiec, Arkadiusz"]
[Black "Balinski, Damian"]
[Result "0-1"]
[WhiteElo "2211"]
[BlackElo "2196"]
[PlyCount "66"]
[EventDate "2023.09.02"]
[EventType "team-swiss"]
[EventRounds "9"]
[EventCountry "POL"]
[SourceTitle "EXT 2024"]
[Source "ChessBase"]
[SourceDate "2023.10.10"]
[SourceVersion "1"]
[SourceVersionDate "2023.10.10"]
[SourceQuality "1"]
[WhiteTeam "Bogatynia UKS SP3"]
[BlackTeam "Olesnica Pogon"]
[WhiteTeamCountry "POL"]
[BlackTeamCountry "POL"]

1. d4 d5 2. c4 c6 3. Nf3 Nf6 4. Nc3 a6 5. a4 Bf5 6. Qb3 Ra7 7. a5 dxc4 8. Qxc4 e6 9. Nd2 Be7 10. e4 Bg6 11. Be2 Nbd7 12. f3 0-0 13. Nb3 Ne8 14. Be3 Nd6 15. Qa4 Ra8 16. Nc5 Nxc5 17. dxc5 Nb5 18. Nb1 Bf6 19. Ra2 Bd4 20. Bxd4 Nxd4 21. Nd2 e5 22. Nf1 Qg5 23. g3 Qc1+ 24. Kf2 Qxc5 25. Ne3 Kh8 26. Qc4 Qe7 27. Ra3 f5 28. exf5 Bxf5 29. Rc1 Be4 30. Ng2 Bd5 31. Qc5 Qg5 32. Qc3 Bxf3 33. Qc5 Bd5+ 0-1

[Event "Krakow op-A 33rd"]
[Site "Krakow"]
[Date "2022.12.30"]
[Round "4"]
[White "Balinski, Damian"]
[Black "Koziorowicz, Michal"]
[Result "1-0"]
[WhiteElo "2190"]
[BlackElo "2348"]
[PlyCount "107"]
[EventDate "2022.12.27"]
[EventType "swiss"]
[EventRounds "9"]
[EventCountry "POL"]
[SourceTitle "CBM 212 Extra"]
[Source "ChessBase"]
[SourceDate "2023.03.31"]
[SourceVersion "1"]
[SourceVersionDate "2023.03.31"]
[SourceQuality "1"]

1. d4 Nf6 2. c4 g6 3. Nc3 Bg7 4. g3 0-0 5. Bg2 d6 6. e3 e5 7. Nge2 Nc6 8. 0-0 h5 9. d5 Ne7 10. e4 h4 11. gxh4 Nh5 12. f4 Bg4 13. fxe5 dxe5 14. Bg5 f6 15. Be3 f5 16. Bg5 f4 17. h3 Bxe2 18. Nxe2 Bf6 19. Bf3 Kg7 20. Kh2 Rh8 21. Rg1 Qd6 22. Qd2 Qc5 23. Rg2 a5 24. b3 Qd6 25. Qc3 b6 26. Rc1 c5 27. Bxf6+ Qxf6 28. Rg5 Ng3 29. Qxe5 Nxe2 30. Bxe2 Rxh4 31. Rcg1 a4 32. Qxf6+ Kxf6 33. e5+ Kf7 34. e6+ Kf6 35. d6 axb3 36. axb3 Ra2 37. R5g2 Nf5 38. d7 Rh8 39. Bd3 Rxg2+ 40. Rxg2 Ne7 41. Bxg6 Rd8 42. Bf7 Ke5 43. Rf2 Ke4 44. Kg2 Ke3 45. Rf3+ Ke4 46. Rf1 Ke3 47. Re1+ Kd3 48. Kf3 b5 49. cxb5 c4 50. bxc4 Kxc4 51. Rb1 Kc5 52. b6 Kd6 53. b7 Nc6 54. Rb6 1-0

[Event "EU-ch Rapid"]
[Site "Katowice"]
[Date "2022.12.18"]
[Round "11"]
[White "Balinski, Damian"]
[Black "Gaponenko, Inna"]
[Result "1/2-1/2"]
[WhiteElo "2190"]
[BlackElo "2341"]
[PlyCount "115"]
[EventDate "2022.12.17"]
[EventType "swiss (rapid)"]
[EventRounds "11"]
[EventCountry "POL"]
[SourceTitle "CBM 211 Extra"]
[Source "ChessBase"]
[SourceDate "2023.01.31"]
[SourceVersion "1"]
[SourceVersionDate "2023.01.31"]
[SourceQuality "1"]

1. d4 d6 2. c4 e5 3. Nf3 e4 4. Nfd2 f5 5. e3 Nf6 6. Be2 c6 7. 0-0 g6 8. b3 Bg7 9. Bb2 0-0 10. Nc3 d5 11. cxd5 cxd5 12. Na4 Nc6 13. Nc5 b6 14. Na6 Rf7 15. Ba3 g5 16. Rc1 Bb7 17. b4 Rc8 18. b5 Ne7 19. Qb3 f4 20. Rxc8 Bxc8 21. Rc1 Nf5 22. Nb4 Ne7 23. Nc6 Nxc6 24. bxc6 Rc7 25. Nb1 Bf8 26. Bxf8 Qxf8 27. Na3 Qe8 28. Qa4 Bb7 29. Bb5 a6 30. Bxa6 Rxc6 31. Rxc6 Qxc6 32. Qxc6 Bxc6 33. h3 Kf7 34. Kf1 Bd7 35. Ke1 f3 36. gxf3 Bxh3 37. fxe4 Nxe4 38. Bb7 Be6 39. Nb5 Ke7 40. f3 Nd6 41. Nxd6 Kxd6 42. a3 g4 43. fxg4 Bxg4 44. Ba6 Bf5 45. Kf2 Kc6 46. Be2 Be4 47. Kg3 b5 48. Bd1 Kb6 49. Kf4 b4 50. axb4 Kb5 51. Bg4 Kxb4 52. Ke5 Kc4 53. Be6 h5 54. Kf4 Kd3 55. Bf7 h4 56. Kg4 Kxe3 57. Bxd5 Bxd5 58. Kxh4 1/2-1/2

[Event "EU-ch Rapid"]
[Site "Katowice"]
[Date "2022.12.17"]
[Round "5"]
[White "Balinski, Damian"]
[Black "Oleksienko, Mikhailo"]
[Result "0-1"]
[WhiteElo "2190"]
[BlackElo "2594"]
[PlyCount "90"]
[EventDate "2022.12.17"]
[EventType "swiss (rapid)"]
[EventRounds "11"]
[EventCountry "POL"]
[SourceTitle "CBM 211 Extra"]
[Source "ChessBase"]
[SourceDate "2023.01.31"]
[SourceVersion "1"]
[SourceVersionDate "2023.01.31"]
[SourceQuality "1"]

1. d4 d5 2. c4 c6 3. Nf3 Nf6 4. e3 Bf5 5. Nc3 e6 6. Nh4 Bg6 7. Nxg6 hxg6 8. Qb3 Qc7 9. Bd2 Nbd7 10. Rc1 dxc4 11. Bxc4 Nb6 12. h3 Nxc4 13. Qxc4 Rd8 14. b4 Qd7 15. 0-0 Be7 16. Rfd1 a6 17. Qb3 0-0 18. Na4 Qd5 19. Qc2 Qf5 20. Qb3 e5 21. dxe5 Ne4 22. Be1 Qxe5 23. Nc3 Nf6 24. Ne2 Bd6 25. Ng3 Nd5 26. Rd4 Bc7 27. Rcd1 Bb6 28. R4d3 Rde8 29. a4 f5 30. Bc3 Qe6 31. Bd4 Bc7 32. Ne2 Kh7 33. b5 axb5 34. axb5 g5 35. Nc3 Qd6 36. g3 f4 37. exf4 gxf4 38. Nxd5 cxd5 39. Qc3 Qd7 40. Kg2 fxg3 41. Rxg3 Bxg3 42. Qxg3 Re6 43. Kh2 Rg6 44. Qe5 Rf5 45. Qb8 Rf3 0-1

[Event "Pula op 34th"]
[Site "Pula"]
[Date "2022.06.20"]
[Round "4"]
[White "Balinski, Damian"]
[Black "Novosel, Lovro"]
[Result "1/2-1/2"]
[WhiteElo "2174"]
[BlackElo "2293"]
[PlyCount "51"]
[EventDate "2022.06.18"]
[EventType "swiss"]
[EventRounds "9"]
[EventCountry "CRO"]
[SourceTitle "CBM 209 Extra"]
[Source "ChessBase"]
[SourceDate "2022.09.30"]
[SourceVersion "1"]
[SourceVersionDate "2022.09.30"]
[SourceQuality "1"]

1. d4 Nf6 2. c4 e6 3. Nc3 d5 4. Bg5 Bb4 5. Rc1 h6 6. Bxf6 Qxf6 7. cxd5 exd5 8. a3 Bxc3+ 9. Rxc3 c6 10. Nf3 0-0 11. e3 Re8 12. Be2 Nd7 13. 0-0 a6 14. Qc2 Qd6 15. Bd3 Nf6 16. Ne5 Be6 17. b4 Rac8 18. Rb1 Ne4 19. Bxe4 dxe4 20. a4 f5 21. Nc4 Qd8 22. Rc1 Kh7 23. Qb1 Rf8 24. Ne5 Qd5 25. Rc5 Qd6 26. Nc4 1/2-1/2

[Event "Pula op 34th"]
[Site "Pula"]
[Date "2022.06.20"]
[Round "3"]
[White "Maier, Christian"]
[Black "Balinski, Damian"]
[Result "1/2-1/2"]
[WhiteElo "2299"]
[BlackElo "2174"]
[PlyCount "53"]
[EventDate "2022.06.18"]
[EventType "swiss"]
[EventRounds "9"]
[EventCountry "CRO"]
[SourceTitle "CBM 209 Extra"]
[Source "ChessBase"]
[SourceDate "2022.09.30"]
[SourceVersion "1"]
[SourceVersionDate "2022.09.30"]
[SourceQuality "1"]

1. d4 f5 2. c4 Nf6 3. Nc3 d6 4. Nf3 g6 5. g3 Bg7 6. Bg2 0-0 7. 0-0 c6 8. b4 e5 9. dxe5 dxe5 10. Qb3 e4 11. Rd1 Qe7 12. Nd4 Ng4 13. c5+ Kh8 14. Bf4 Ne5 15. Rac1 Na6 16. h4 Nc7 17. e3 Ne6 18. Nce2 h6 19. Bxe5 Bxe5 20. Nf4 Nxf4 21. exf4 Bf6 22. Rd2 Bd7 23. Rcd1 Rad8 24. Bf1 a6 25. Bc4 Bc8 26. Kg2 h5 27. Qe3 1/2-1/2

[Event "POL-chT 2nd League"]
[Site "Sypniewo"]
[Date "2021.09.09"]
[Round "6.14"]
[White "Balinski, Damian"]
[Black "Gierulski, Kamil"]
[Result "1/2-1/2"]
[WhiteElo "2193"]
[BlackElo "2270"]
[PlyCount "52"]
[EventDate "2021.09.04"]
[EventType "team-swiss"]
[EventRounds "9"]
[EventCountry "POL"]
[SourceTitle "CBM 204 Extra"]
[Source "ChessBase"]
[SourceDate "2021.11.30"]
[SourceVersion "1"]
[SourceVersionDate "2021.11.30"]
[SourceQuality "1"]
[WhiteTeam "Olesnica Pogon"]
[BlackTeam "Rzeszow RzKSz"]
[WhiteTeamCountry "POL"]
[BlackTeamCountry "POL"]

1. d4 Nf6 2. c4 e6 3. Nc3 Bb4 4. Qc2 0-0 5. a3 Bxc3+ 6. Qxc3 d5 7. Nf3 dxc4 8. Qxc4 b6 9. Bg5 Ba6 10. Qa4 Qd7 11. Qc2 c5 12. Bxf6 gxf6 13. dxc5 Rc8 14. Rd1 Qe7 15. Qe4 Qxc5 16. e3 Nc6 17. Bxa6 Qa5+ 18. b4 Qxa6 19. Qd3 Qxd3 20. Rxd3 a5 21. bxa5 Nxa5 22. Ke2 Rc2+ 23. Rd2 Rc3 24. Rd3 Rc2+ 25. Rd2 Rc3 26. Rd3 Rc2+ 1/2-1/2

[Event "Pardubice Czech op-A 32nd"]
[Site "Pardubice"]
[Date "2021.07.31"]
[Round "9"]
[White "Simek, Petr"]
[Black "Balinski, Damian"]
[Result "1/2-1/2"]
[WhiteElo "2282"]
[BlackElo "2163"]
[PlyCount "92"]
[EventDate "2021.07.23"]
[EventType "swiss"]
[EventRounds "9"]
[EventCountry "CZE"]
[SourceTitle "CBM 203 Extra"]
[Source "ChessBase"]
[SourceDate "2021.09.30"]
[SourceVersion "1"]
[SourceVersionDate "2021.09.30"]
[SourceQuality "1"]

1. e4 d6 2. d4 Nf6 3. Nc3 Nbd7 4. h3 e5 5. Nge2 c6 6. a4 Be7 7. g4 Qc7 8. Bg2 b6 9. Be3 Bb7 10. Ng3 h6 11. Qd2 a6 12. Nf5 Bf8 13. d5 c5 14. Ne2 h5 15. g5 Ng8 16. h4 g6 17. Nfg3 Bg7 18. Bh3 Ne7 19. Nc1 Nc8 20. Ra3 b5 21. axb5 axb5 22. Rxa8 Bxa8 23. 0-0 Bb7 24. b3 0-0 25. Kh2 Ncb6 26. Rg1 Ra8 27. Bf1 b4 28. Be2 Ba6 29. Bf3 Nf8 30. Nd3 Qd7 31. Kg2 Bc8 32. Rh1 Qc7 33. Be2 Ra2 34. Qd1 Ra8 35. Qb1 Ra3 36. Qc1 Qb7 37. Qd2 Ra2 38. Qd1 Qc7 39. Qb1 Ra8 40. Qd1 Ra2 41. Qb1 Ra8 42. Qe1 Ra2 43. Qd2 Ra8 44. Qd1 Ra2 45. Qd2 Ra8 46. Qd1 Ra2 1/2-1/2

[Event "Opole Termika Blitz op"]
[Site "Opole"]
[Date "2021.07.18"]
[Round "9"]
[White "Balinski, Damian"]
[Black "Suder, Jakub"]
[Result "0-1"]
[WhiteElo "2163"]
[BlackElo "2346"]
[PlyCount "67"]
[EventDate "2021.07.18"]
[EventType "swiss (blitz)"]
[EventRounds "13"]
[EventCountry "POL"]
[SourceTitle "CBM 203 Extra"]
[Source "ChessBase"]
[SourceDate "2021.09.30"]
[SourceVersion "1"]
[SourceVersionDate "2021.09.30"]
[SourceQuality "1"]

1. d4 d5 2. c4 e6 3. Nc3 a6 4. cxd5 exd5 5. Nf3 Nf6 6. Bg5 Be6 7. e3 Nbd7 8. Rc1 Bd6 9. Bd3 c6 10. 0-0 Qb8 11. e4 dxe4 12. Nxe4 Be7 13. Qc2 h6 14. Bh4 0-0 15. Rfe1 Bg4 16. Ne5 Nxe5 17. dxe5 Nd5 18. Bxe7 Nxe7 19. Nd6 Qa7 20. h3 Be6 21. Kh1 Nd5 22. Re4 a5 23. Qd2 Qb6 24. f4 f5 25. exf6 Rxf6 26. Rce1 Bd7 27. Nc4 Qb4 28. Qc1 Bf5 29. Re8+ Rxe8 30. Rxe8+ Rf8 31. Rxf8+ Qxf8 32. Qd1 Bxd3 33. Qxd3 Qxf4 34. Na3 0-1

[Event "Opole Termika Blitz op"]
[Site "Opole"]
[Date "2021.07.18"]
[Round "12"]
[White "Przybylski, Bartosz"]
[Black "Balinski, Damian"]
[Result "0-1"]
[WhiteElo "2085"]
[BlackElo "2163"]
[PlyCount "70"]
[EventDate "2021.07.18"]
[EventType "swiss (blitz)"]
[EventRounds "13"]
[EventCountry "POL"]
[SourceTitle "CBM 203 Extra"]
[Source "ChessBase"]
[SourceDate "2021.09.30"]
[SourceVersion "1"]
[SourceVersionDate "2021.09.30"]
[SourceQuality "1"]

1. e4 d6 2. Nf3 g6 3. Bc4 Bg7 4. 0-0 Nf6 5. Re1 0-0 6. c3 Nxe4 7. Bxf7+ Rxf7 8. Rxe4 Bf5 9. Rh4 h6 10. h3 Bd3 11. Ne1 Bf5 12. d3 g5 13. Rb4 b6 14. Be3 Nc6 15. Ra4 e5 16. Nd2 Qf6 17. Ne4 Qg6 18. Qb3 Be6 19. Qc2 d5 20. Ng3 Raf8 21. Nh1 a5 22. b4 axb4 23. cxb4 Nd4 24. Bxd4 exd4 25. Ra7 Be5 26. Qe2 Bd6 27. Nf3 Bxb4 28. Ne5 Qf6 29. Nxf7 Rxf7 30. Ng3 Bd6 31. Re1 Bd7 32. Ra8+ Kh7 33. a4 Qf4 34. a5 bxa5 35. Nh5 Qh2+ 0-1

[Event "Pardubice Czech op-A 31st"]
[Site "Pardubice"]
[Date "2020.09.23"]
[Round "3"]
[White "Balinski, Damian"]
[Black "Vogel, Roven"]
[Result "1/2-1/2"]
[WhiteElo "2158"]
[BlackElo "2456"]
[PlyCount "58"]
[EventDate "2020.09.21"]
[EventType "swiss"]
[EventRounds "9"]
[EventCountry "CZE"]
[SourceTitle "CBM 198 Extra"]
[Source "ChessBase"]
[SourceDate "2020.11.30"]
[SourceVersion "1"]
[SourceVersionDate "2020.11.30"]
[SourceQuality "1"]

1. d4 Nf6 2. c4 g6 3. Nc3 Bg7 4. e4 d6 5. f3 0-0 6. Bg5 c6 7. Qd2 e5 8. d5 cxd5 9. cxd5 Na6 10. Nge2 Bd7 11. Ng3 Nc5 12. b4 Na4 13. Nxa4 Bxa4 14. Bd3 Qd7 15. 0-0 Bb5 16. Rfc1 Rfc8 17. Be3 a6 18. Bf1 Bxf1 19. Nxf1 Nh5 20. Rxc8+ Rxc8 21. Rc1 Rxc1 22. Qxc1 Nf4 23. Qc4 Bf6 24. g3 Nh5 25. a4 Bd8 26. b5 a5 27. b6 f5 28. Nd2 Nf6 29. Kg2 fxe4 1/2-1/2

[Event "Pardubice Czech op-A 31st"]
[Site "Pardubice"]
[Date "2020.09.22"]
[Round "2"]
[White "Vokac, Marek"]
[Black "Balinski, Damian"]
[Result "0-1"]
[WhiteElo "2365"]
[BlackElo "2158"]
[PlyCount "82"]
[EventDate "2020.09.21"]
[EventType "swiss"]
[EventRounds "9"]
[EventCountry "CZE"]
[SourceTitle "CBM 198 Extra"]
[Source "ChessBase"]
[SourceDate "2020.11.30"]
[SourceVersion "1"]
[SourceVersionDate "2020.11.30"]
[SourceQuality "1"]

1. e4 d6 2. Nc3 g6 3. f4 Bg7 4. Nf3 c5 5. Bb5+ Bd7 6. Bxd7+ Qxd7 7. 0-0 Nc6 8. d3 e6 9. Ne2 Nge7 10. c3 0-0 11. Be3 b6 12. a3 f5 13. b4 Rad8 14. Rb1 c4 15. Ng3 fxe4 16. dxe4 b5 17. Qd2 e5 18. f5 gxf5 19. exf5 d5 20. Bg5 Nxf5 21. Nxf5 Rxf5 22. Bxd8 Qxd8 23. Nh4 Rxf1+ 24. Rxf1 d4 25. Nf5 Bf6 26. Qe2 dxc3 27. Qh5 c2 28. Nh6+ Kg7 29. Ng4 Qd4+ 30. Kh1 Qf4 31. Qh6+ Qxh6 32. Nxh6 Kxh6 33. Rxf6+ Kg5 34. Rf1 Nd4 35. Rc1 Kf4 36. g4 Ke3 37. Kg2 Kd2 38. Rf1 c1Q 39. Rxc1 Kxc1 40. g5 e4 41. h4 e3 0-1

[Event "Rubinstein Memorial 56th"]
[Site "Polanica Zdroj"]
[Date "2020.08.23"]
[Round "9"]
[White "Czarniecka, Aleksandra"]
[Black "Balinski, Damian"]
[Result "0-1"]
[WhiteElo "2043"]
[BlackElo "2136"]
[PlyCount "64"]
[EventDate "2020.08.15"]
[EventType "swiss"]
[EventRounds "9"]
[EventCountry "POL"]
[SourceTitle "CBM 197 Extra"]
[Source "ChessBase"]
[SourceDate "2020.09.30"]
[SourceVersion "1"]
[SourceVersionDate "2020.09.30"]
[SourceQuality "1"]

1. e4 d6 2. d4 Nf6 3. Nc3 g6 4. f4 Bg7 5. Nf3 0-0 6. Bd3 Nc6 7. e5 dxe5 8. fxe5 Nh5 9. Be3 f6 10. exf6 Nxf6 11. Qe2 Ng4 12. 0-0-0 Nxe3 13. Qxe3 Bg4 14. Be2 Bxf3 15. Bxf3 Nxd4 16. Bxb7 Rb8 17. Bd5+ e6 18. Bxe6+ Kh8 19. Bb3 Qf6 20. Rhe1 c5 21. Kb1 Nb5 22. Kc1 c4 23. Bxc4 Nxc3 24. bxc3 Qc6 25. Bb3 Bxc3 26. Rf1 Bg7 27. Rf3 a5 28. Rdf1 Rxf3 29. Rxf3 Re8 30. Qf4 Qc5 31. Qc4 Qg1+ 32. Rf1 Re1+ 0-1

[Event "Rubinstein Memorial 56th"]
[Site "Polanica Zdroj"]
[Date "2020.08.17"]
[Round "3"]
[White "Kazmierowski, Tymon"]
[Black "Balinski, Damian"]
[Result "0-1"]
[WhiteElo "1870"]
[BlackElo "2136"]
[PlyCount "54"]
[EventDate "2020.08.15"]
[EventType "swiss"]
[EventRounds "9"]
[EventCountry "POL"]
[SourceTitle "CBM 197 Extra"]
[Source "ChessBase"]
[SourceDate "2020.09.30"]
[SourceVersion "1"]
[SourceVersionDate "2020.09.30"]
[SourceQuality "1"]

1. e4 d6 2. d4 Nf6 3. Nc3 g6 4. f4 Bg7 5. Nf3 0-0 6. Be3 b6 7. Qd2 Bb7 8. Bd3 c5 9. 0-0-0 Nbd7 10. d5 a6 11. e5 Nxd5 12. Nxd5 Bxd5 13. Be2 Bc6 14. e6 fxe6 15. Ng5 Rf6 16. Nxe6 Rxe6 17. Bc4 Nf8 18. f5 gxf5 19. Bxe6+ Nxe6 20. Rde1 Qd7 21. Qd3 Be4 22. Qb3 b5 23. Bd2 d5 24. Qh3 b4 25. Rhf1 Rf8 26. Qh4 Nd4 27. Rf3 Qa4 0-1

[Event "Prague op-A 19th"]
[Site "Prague"]
[Date "2020.01.12"]
[Round "4"]
[White "Balinski, Damian"]
[Black "Tesar, Jan"]
[Result "1-0"]
[WhiteElo "2139"]
[BlackElo "2001"]
[PlyCount "47"]
[EventDate "2020.01.10"]
[EventType "swiss"]
[EventRounds "9"]
[EventCountry "CZE"]
[SourceTitle "CBM 195 Extra"]
[Source "ChessBase"]
[SourceDate "2020.05.31"]
[SourceVersion "1"]
[SourceVersionDate "2020.05.31"]
[SourceQuality "1"]

1. d4 d5 2. c4 Nc6 3. Nc3 dxc4 4. d5 Ne5 5. f4 Ng4 6. h3 N4h6 7. e4 e5 8. Nf3 Be7 9. Bxc4 exf4 10. Bxf4 g5 11. Bg3 a6 12. Qd4 Bf6 13. Qc5 Bd7 14. Bxc7 Rc8 15. d6 Bxc3+ 16. bxc3 Qf6 17. 0-0 g4 18. Ne5 Qh4 19. Nxf7 Nf5 20. Qe5+ Kf8 21. Rxf5 Bxf5 22. Qxf5 Nf6 23. Qxc8+ Kg7 24. Qxh8+ 1-0

[Event "Prague op-A 19th"]
[Site "Prague"]
[Date "2020.01.11"]
[Round "3"]
[White "Neuman, Petr"]
[Black "Balinski, Damian"]
[Result "1/2-1/2"]
[WhiteElo "2371"]
[BlackElo "2139"]
[PlyCount "96"]
[EventDate "2020.01.10"]
[EventType "swiss"]
[EventRounds "9"]
[EventCountry "CZE"]
[SourceTitle "CBM 194 Extra"]
[Source "ChessBase"]
[SourceDate "2020.03.31"]
[SourceVersion "1"]
[SourceVersionDate "2020.03.31"]
[SourceQuality "1"]

1. e4 d6 2. d4 Nf6 3. Nc3 g6 4. h3 Bg7 5. g4 h5 6. g5 Nfd7 7. f4 Nb6 8. Bg2 c6 9. Nge2 d5 10. f5 gxf5 11. e5 e6 12. Ng3 h4 13. Nh5 Kf8 14. Nxg7 Kxg7 15. Ne2 N8d7 16. Nf4 Nf8 17. Nh5+ Kg6 18. Bf3 Bd7 19. b3 Be8 20. Be3 c5 21. c3 cxd4 22. cxd4 Rc8 23. 0-0 Nbd7 24. Kh1 Nb8 25. Rg1 Nc6 26. Rc1 Nb4 27. Rxc8 Qxc8 28. Qd2 Nc6 29. Bf2 Qd8 30. Bxh4 Qa5 31. Qe3 Qxa2 32. Bf2 Nb4 33. h4 Bb5 34. Nf6 Kg7 35. h5 Ng6 36. Rc1 Nd3 37. h6+ Kf8 38. Be1 Qa3 39. Rc8+ Ke7 40. Rc7+ Kd8 41. Rxb7 Qa1 42. Rxb5 Nxe1 43. Qg1 Qc3 44. Bg2 Nxg2 45. Qxg2 Qe1+ 46. Qg1 Qh4+ 47. Qh2 Qe1+ 48. Qg1 Qh4+ 1/2-1/2

[Event "Suwalki Warakomska Memorial op 3rd"]
[Site "Suwalki"]
[Date "2019.08.08"]
[Round "5"]
[White "Paszewski, Mateusz"]
[Black "Balinski, Damian"]
[Result "1/2-1/2"]
[WhiteElo "2329"]
[BlackElo "2176"]
[PlyCount "110"]
[EventDate "2019.08.05"]
[EventType "swiss"]
[EventRounds "9"]
[EventCountry "POL"]
[SourceTitle "CBM 191 Extra"]
[Source "ChessBase"]
[SourceDate "2019.09.30"]
[SourceVersion "1"]
[SourceVersionDate "2019.09.30"]
[SourceQuality "1"]

1. e4 c5 2. Nf3 Nc6 3. d4 cxd4 4. Nxd4 g6 5. c4 Nf6 6. Nc3 d6 7. f3 Nxd4 8. Qxd4 Bg7 9. Be3 0-0 10. Qd2 Be6 11. Bd3 Qa5 12. Rc1 Rfc8 13. b3 a6 14. Ne2 Qxd2+ 15. Kxd2 Nd7 16. Nf4 Nc5 17. Be2 a5 18. h4 Na6 19. Rb1 Nb4 20. a3 Na6 21. Nxe6 fxe6 22. h5 Nc5 23. hxg6 hxg6 24. Bd3 a4 25. b4 Nb3+ 26. Ke2 Kf7 27. Rh4 Rh8 28. Rg4 e5 29. c5 Nd4+ 30. Kf2 Bh6 31. Bxh6 Rxh6 32. cxd6 exd6 33. Rc1 Re8 34. b5 Rhh8 35. Rc7+ Kf6 36. Bc4 Re7 37. Rxg6+ Kxg6 38. Rxe7 Rc8 39. Bf1 Rc3 40. Rxb7 Rxa3 41. Rb6 Rb3 42. Rxd6+ Kg5 43. Ra6 a3 44. b6 Rb2+ 45. Kg1 Nc2 46. Bc4 Ne3 47. Bd5 Kf4 48. b7 Rxg2+ 49. Kh1 Rb2 50. Rxa3 Kg3 51. Rb3 Rh2+ 52. Kg1 Rg2+ 53. Kh1 Rf2 54. Rb1 Rh2+ 55. Kg1 Rg2+ 1/2-1/2